BIBLIOTECA

SENCICO

Trazo topográfico en carreteras y canales / (Registro nro. 4240)

Detalles MARC
000 -LEADER
fixed length control field 01024nam a22002537a 4500
003 - CONTROL NUMBER IDENTIFIER
control field PE SENCICO BE
005 - DATE AND TIME OF LATEST TRANSACTION
control field 20251020182639.0
008 - FIXED-LENGTH DATA ELEMENTS--GENERAL INFORMATION
fixed length control field 230711b |||||||| |||| 00| 0 eng d
040 ## - CATALOGING SOURCE
Original cataloging agency PE SENCICO BE
Transcribing agency PE SENCICO BE
041 ## - LANGUAGE CODE
Language code of text/sound track or separate title spa
084 ## - OTHER CLASSIFICATION NUMBER
Classification number I
-- TOP
-- 2013
Item number A45
100 1# - MAIN ENTRY--PERSONAL NAME
9 (RLIN) 1230
Personal name Alvarez Oré, Jorge Andrés
Relator term autor
245 1# - TITLE STATEMENT
Title Trazo topográfico en carreteras y canales /
Statement of responsibility, etc. Jorge Andrés Alvarez Oré
260 ## - PUBLICATION, DISTRIBUTION, ETC.
Place of publication, distribution, etc. Lima :
Date of publication, distribution, etc. 2013
300 ## - PHYSICAL DESCRIPTION
Extent 118 h. :
Other physical details tabls., il. col. ;
Dimensions 29 cm.
502 ## - DISSERTATION NOTE
Dissertation note Monografía de Titulación.-- Servicio Nacional de Capacitación para la Industria de la Construcción. Escuela Superior Técnica. Carrera Profesional Técnica en Topografía y Geodesía, 2013.
650 14 - SUBJECT ADDED ENTRY--TOPICAL TERM
9 (RLIN) 4
Topical term or geographic name entry element Topografía
650 24 - SUBJECT ADDED ENTRY--TOPICAL TERM
9 (RLIN) 900
Topical term or geographic name entry element Trazado de carreteras
650 24 - SUBJECT ADDED ENTRY--TOPICAL TERM
9 (RLIN) 352
Topical term or geographic name entry element Carreteras
650 24 - SUBJECT ADDED ENTRY--TOPICAL TERM
9 (RLIN) 311
Topical term or geographic name entry element Ingeniería de carreteras
710 1# - ADDED ENTRY--CORPORATE NAME
Corporate name or jurisdiction name as entry element Servicio Nacional de Capacitación para la Industria de la Construcción.
Subordinate unit Escuela Superior Técnica
9 (RLIN) 1065
910 ## - USER-OPTION DATA (OCLC)
-- hfp
-- hfp
942 ## - ADDED ENTRY ELEMENTS (KOHA)
Koha item type Monografía de Titulación
Existencias
Fecha de la última vez que lo usaron Número de ingreso o de inventario Pago total Signatura topográfica completa Precio efectivo desde Tipo de documento Estado perdido Estado dañado No es para préstamo Retirado Ubicación permanente Ubicación actual Fecha de adquisición
11/07/2023 I-00079   I/TOP/2013/A45 11/07/2023 Monografía de Titulación         Biblioteca Central Lima Biblioteca Central Lima 11/07/2023